Un mara, una madre: hijos de... en un país sin padres /
es este documento la autora va más allá de las imágenes tradicionales de los miembros de maras y reflexiona al respecto desde la perspectiva de la historia y política del cuerpo. Aborda el tema de la violencia y el crimen organizado, la resistencia a la marginalización humana, el autocontrol de los...
Uloženo v:
| Hlavní autor: | |
|---|---|
| Médium: | Text |
| Jazyk: | Spanish |
| Témata: | |
| Tagy: |
Přidat tag
Žádné tagy, Buďte první, kdo vytvoří štítek k tomuto záznamu!
|
MARC
| LEADER | 00000 a a2200000 04500 | ||
|---|---|---|---|
| 001 | 47156 | ||
| 003 | cru IIS | ||
| 005 | 20220314164223.0 | ||
| 008 | 220314b |||||||| |||| 00| 0 spa d | ||
| 040 | |c CRAI | ||
| 100 | |a Arroba, Anna | ||
| 245 | |a Un mara, una madre: |b hijos de... en un país sin padres / |c Anna Arroba | ||
| 520 | |a es este documento la autora va más allá de las imágenes tradicionales de los miembros de maras y reflexiona al respecto desde la perspectiva de la historia y política del cuerpo. Aborda el tema de la violencia y el crimen organizado, la resistencia a la marginalización humana, el autocontrol de los cuerpos y la autodestrucción. Aunque algunos pandilleros son criminales endurecidos y despiadados, la deshumanización de estas personas es responsabilidad de toda la sociedad y no sólo de la pobreza o la falta de hogar. RAR 18/02/22 | ||
| 650 | 0 | |2 OCDE |9 449 |a CRIMEN ORGANIZADO | |
| 650 | 0 | |2 OCDE |9 133 |a VIOLENCIA | |
| 650 | 0 | |2 ISOC |9 10307 |a CORPOREIDAD | |
| 773 | |g número134, (2012), páginas 677-696 | ||
| 942 | |2 ddc |c PP | ||
| 999 | |c 29838 |d 29838 | ||
